00376pab a2200133 454500008004000000100001900040245009300059260000900152300001400161362000800175650001300183700001900196773002700215180718b2003 xxu||||| |||| 00| 0 eng d aBarclay, Scott aThe states and the differing impetus for divergent paths on same-sex marriage, 1990-2001 c2003 ap.331-52. aAug aMarriage aFisher, Shauna aPolicy Studies Journal